Library and information scienceUGC (NET) examination guide paper-III: (Record no. 150328)

MARC details
000 -LEADER
fixed length control field 00791nam a22002057a 4500
005 - DATE AND TIME OF LATEST TRANSACTION
control field 20180310150555.0
010 ## - LCCN (DPL NO)
LC control number B-667710
020 ## - INTERNATIONAL STANDARD BOOK NUMBER
Terms of availability 300.00
International Standard Book Number 9788170006923
035 ## - SYSTEM CONTROL NUMBER
System control number B-667710
037 ## - SOURCE OF ACQUISITION
Source of stock number/acquisition KKP
Stock number dpl
082 ## - DEWEY DECIMAL CLASSIFICATION NUMBER
Classification number 020
100 ## - MAIN ENTRY--PERSONAL NAME
Personal name Lal.C
245 ## - TITLE STATEMENT
Title Library and information scienceUGC (NET) examination guide paper-III:
Statement of responsibility, etc by C.Lal and K.Kumar
Remainder of title in accordance with the new pattern /
260 ## - PUBLICATION, DISTRIBUTION, ETC. (IMPRINT)
Place of publication, distribution, etc New Delhi
Name of publisher, distributor, etc Ess Ess Publications
Date of publication, distribution, etc 2014
270 ## - ADDRESS
Address 4831/24, Ansari Road, Daryaganj,
City New Delhi
Postal code 110002
300 ## - PHYSICAL DESCRIPTION
Extent xiii, 178p.
Dimensions 22cm(pbk)
700 ## - ADDED ENTRY--PERSONAL NAME
Personal name K.Kumar
942 ## - ADDED ENTRY ELEMENTS (KOHA)
Source of classification or shelving scheme Dewey Decimal Classification
Item type English Books
Call number suffix LAL
Classification part 020
Holdings
Withdrawn status Lost status Not for loan Collection code Home library Current library Date acquired Source of acquisition Cost, normal purchase price Full call number Barcode Copy number Cost, replacement price Koha item type
      Non-fiction Ashok Vihar Ashok Vihar 10/03/2018 KKP/BL278/24.02.2017/366/15.02.201717.03.2017 300.00 020 LAL B-667710 1 300.00 English Books

© Delhi Public Library
Hit Counter
free hit counter